Informe anual de UNICEF 2012 (Record no. 11213)

MARC details
000 -LEADER
campo de control de longitud fija 00351nam a2200145Ia 4500
001 - NÚMERO DE CONTROL
campo de control 3133
008 - DATOS DE LONGITUD FIJA--INFORMACIÓN GENERAL
campo de control de longitud fija 241024s9999 xx 000 0 und d
020 ## - NÚMERO INTERNACIONAL ESTÁNDAR DEL LIBRO
Número Internacional Estándar del Libro 978-92-806-4695-5
082 ## - NÚMERO DE LA CLASIFICACIÓN DECIMAL DEWEY
Número de clasificación 305.2/UN58i/2013
100 ## - ENTRADA PRINCIPAL--NOMBRE DE PERSONA
Nombre de persona UNICEF
245 #0 - MENCIÓN DEL TÍTULO
Título Informe anual de UNICEF 2012
260 ## - PUBLICACIÓN, DISTRIBUCIÓN, ETC.
Nombre del editor, distribuidor, etc. New York
Fecha de publicación, distribución, etc. 2013
901 ## - ELEMENTOS DE DATOS A LOCAL LDA (RLIN)
a 15/8/2013 8:43:13 a.m.

No items available.

© 2024. Todos los Derechos Reservados. Desarrollado por IDEICE